| 000 | 00757nam a22001817a 4500 | ||
|---|---|---|---|
| 999 |
_c61954 _d61954 |
||
| 003 | Ge_BSU | ||
| 005 | 20240614114120.0 | ||
| 008 | 240614s1974 ge ||||| |||| 00| 0 geo d | ||
| 041 | _ageo | ||
| 080 | _a630 ჩ-69 | ||
| 100 |
_aჩიქოვანი, ტიტე _922434 |
||
| 245 |
_aტყე ჯანმრთელობის სამსახურში / _cტიტე ჩიქოვანი; რედ. ო. ცინცაძე. |
||
| 264 |
_aთბილისი : _bსაბჭ. საქართველო, _c 1974. |
||
| 300 |
_a49 გვ. ; _b16 სმ. |
||
| 653 | _aსატყეო მეურნეობა | ||
| 700 |
_aცინცაძე, ო. _eრედაქტორი _9714 |
||
| 942 |
_2udc _cᲬᲘᲒᲜᲘ |
||